|
|
|
|
| LEADER |
00000nam a2200000 a 4500 |
| 001 |
vtls001137627 |
| 003 |
SK-MaSNL |
| 005 |
20260302031319.0 |
| 008 |
250414s1991 CS 0 fre |
| 035 |
|
|
|a SNK000080480
|
| 040 |
|
|
|a SNK
|b slo
|c SNK
|e AACR2
|
| 041 |
0 |
|
|a fre
|
| 044 |
|
|
|a [CS]
|
| 080 |
|
|
|a 008(091)
|2 1981
|
| 100 |
1 |
|
|a Jurek, Bohumil
|4 aut
|9 515770
|
| 245 |
1 |
0 |
|a L'integration et la décomposition dans le développement de la civilisation
|c Bohumil Jurek
|
| 250 |
|
|
|a 1. vyd.
|
| 260 |
|
|
|a Prague
|b Bohumil Jurek
|c 1991
|
| 300 |
|
|
|a 85, [2] s.
|c 21 cm
|
| 852 |
|
|
|a Slovenská národná knižnica
|
| 999 |
|
|
|c 1051821
|d 1053751
|
| 952 |
|
|
|t P60, <04>, [BOOK], {604}
|a SNK
|b SNK
|y NEVYP
|7 0
|p 17A0184962
|o snkIC 120432 D1
|0 0
|1 1
|4 0
|d 1999-03-05
|l 0
|r 2005-01-01 00:00:00
|w 2026-02-24
|